000 00774nam a2200277 i 4500
001 16061
003 ES-MaACL
005 20260610142457.0
007 t|
008 000620s1998 sp |||| | spa d
020 _a84-7774-539-0
080 _a82.01
080 _a7.01
100 1 _aValéry, Paul,
_d1871-1945
_9243197
245 1 0 _aTeoría poética y estética /
_cPaul Valéry ; [traducción de Carmen Santos].
250 _a2ª ed.
260 _aMadrid :
_bVisor,
_c1998.
300 _a206 p. ;
_c22 cm.
490 1 _aLa balsa de la Medusa ;
_v39
650 0 4 _aPoética.
_916254
650 7 _aEstética
_2embne
_9142387
700 1 _aSantos, Carmen.
_9103465
830 0 3 _aLa balsa de la Medusa
_v39
_9178610
852 _aES-MaACL
_jL-23314
999 _c16061
_d16061